Pedro Henríquez Ureña : (Record no. 20359)

MARC details
000 -LEADER
campo de control de longitud fija 00938cam a22002771 4500
001 - NÚMERO DE CONTROL
campo de control 34689
005 - FECHA Y HORA DE LA ÚLTIMA TRANSACCIÓN
campo de control 20230410103520.0
008 - DATOS DE LONGITUD FIJA--INFORMACIÓN GENERAL
campo de control de longitud fija 740416s1969 xx b 000 0bspa
035 ## - NÚMERO DE CONTROL DEL SISTEMA
-- (DLC) 76250887
035 ## - NÚMERO DE CONTROL DEL SISTEMA
Número de control de sistema 8560833
010 ## - NÚMERO DE CONTROL DE LA BIBLIOTECA DEL CONGRESO
Número de control de LC 76250887
035 ## - NÚMERO DE CONTROL DEL SISTEMA
Número de control de sistema (OCoLC)857826
040 ## - FUENTE DE CATALOGACIÓN
Centro catalogador/agencia de origen DLC
Centro/agencia transcriptor PPT
Centro/agencia modificador OCoLC
-- DLC
042 ## - CÓDIGO DE AUTENTICACIÓN
Código de autenticación premarc
050 14 - SIGNATURA TOPOGRÁFICA DE LA BIBLIOTECA DEL CONGRESO
Número de clasificación 118 PQ 7409
Número de ítem H519J 1969
100 2# - ENTRADA PRINCIPAL--NOMBRE DE PERSONA
Nombre de persona Jiménes Grullón, Juan Isidro,
Fechas asociadas al nombre 1903-1983
245 10 - MENCIÓN DEL TÍTULO
Título Pedro Henríquez Ureña :
Resto del título realidad y mito y otro ensayo /
Mención de responsabilidad, etc. [por] J. I. Jimenes-Grullón.
260 ## - PUBLICACIÓN, DISTRIBUCIÓN, ETC.
Lugar de publicación, distribución, etc. Santo Domingo :
Nombre del editor, distribuidor, etc. Editorial Librería Dominicana,
Fecha de publicación, distribución, etc. 1969.
300 ## - DESCRIPCIÓN FÍSICA
Extensión 180 p.
Dimensiones 21 cm.
504 ## - NOTA DE BIBLIOGRAFÍA, ETC.
Nota de bibliografía, etc. Includes bibliographies.
600 20 - PUNTO DE ACCESO ADICIONAL DE MATERIA--NOMBRE DE PERSONA
Nombre de persona Henríquez Ureña, Pedro,
Fechas asociadas al nombre 1884-1946.
600 20 - PUNTO DE ACCESO ADICIONAL DE MATERIA--NOMBRE DE PERSONA
Nombre de persona Henríquez Ureña, Pedro,
Fechas asociadas al nombre 1884-1946
Subdivisión general Criticism and interpretation.
653 ## - TÉRMINO DE INDIZACIÓN--NO CONTROLADO
Término no controlado Henríquez Ureña, Pedro, 1884-1946.
942 ## - ELEMENTOS DE ENTRADA SECUNDARIOS (KOHA)
Fuente del sistema de clasificación o colocación Clasificación de Library of Congress
Tipo de ítem Koha
985 ## -
-- OCLC REPLACEMENT cdsdistr
Holdings
Estatus retirado Estado de pérdida Fuente del sistema de clasificación o colocación Estado de daño No para préstamo Colección Biblioteca de origen Biblioteca actual Ubicación en estantería Fecha de adquisición Serial enumeration / chronology Signatura topográfica completa Código de barras Visto por última vez Copia número Tipo de ítem Koha
    Clasificación de Library of Congress     Recursos Regionales Biblioteca Juan Bosch Biblioteca Juan Bosch Recursos Regionales (2do. Piso) 10/04/2023 1 118 PQ 7409 H519J 1969 00000031981 23/10/2018 1